Music Quiz

Random Music or Bands Quiz

Bands by Album Words Quiz Stats

 Plays Quiz Updated Feb 2, 2012

Also try: Bands By Initials
Challenge
Share
Tweet
Embed
Score 0/30 Timer 04:00
2 Plays Today
Album Words Band % Correct
Please Club AbbeyThe Beatles
83.2%
21st Idiot BibleGreen Day
78.5%
Little Surfer SoundsThe Beach Boys
73%
Viva Rush XylotoColdplay
72.8%
Kids Out TommyThe Who
70%
Enough London CombatThe Clash
65%
Chinese Appetite IllusionGuns N' Roses
63.7%
Some Beggars StickyThe Rolling Stones
58%
Black Voltage DeedsAC/DC
56.9%
Thief Bends ComputerRadiohead
56.6%
Kill Lightning PuppetsMetallica
55.1%
Holy Graffiti DoorLed Zeppelin
54.8%
World Opera RacesQueen
50.7%
Strange L.A. ParadeThe Doors
47.4%
Unforgettable Atomic BehindU2
44.5%
Album Words Band % Correct
Automatic Reconstruction PageantR.E.M.
42%
Definitely Morning GiantsOasis
40.8%
Permanent Attic RutsAerosmith
35.2%
Zenyatta Ghost ReggattaThe Police
34%
Yoshimi Taste AmbulanceThe Flaming Lips
26.3%
Blue Mermaid FoxtrotWilco
21.8%
Creatures Hotter UnmaskedKiss
20.2%
Boys Kiss PornographyThe Cure
19.6%
Rubber Camino PotionThe Black Keys
18%
Buildings Fear TonguesTalking Heads
17.2%
Eat Parallel LettersBlondie
16.9%
Muswell Preservation KontroversyThe Kinks
16.5%
Sex Goo DaydreamSonic Youth
12.1%
Ruin Subterranean RussiaRamones
11.8%
Lose Patience WastingFoo Fighters
11.6%

You're not logged in!

Compare scores with friends on all Sporcle quizzes.
Join for Free
OR
Log In

You Might Also Like...

Show Comments

Extras

Top Quizzes Today


Score Distribution

Your Account Isn't Verified!

In order to create a playlist on Sporcle, you need to verify the email address you used during registration. Go to your Sporcle Settings to finish the process.

Report this User

Report this user for behavior that violates our Community Guidelines.

Details: